00727nam a2200241 a 4500001001300000003000900013005001700022008004100039020001200080082001600092100002500108245006800133260003500201300000900236500003500245505001000280650002400290700002500314902000800339942000700347952011600354999001500470nice12345678IN_TiNIC20260116012114.0050524s1970 newa grp 000 0 eng  ac171.500a241.53bFIT aFitzgerald, Ernest A aThere`s No Other Wayb Master`s Plan in the Sermon on the Mount aNew YorkbAbingdon Pressc1970 a144p aincludes index and biblioraphy2 aIndex aSermon on the Mount1 aFitzgerald, Ernest A bSRS cBK 001040708StackRoom-aHMIbHMId2008-04-15g171.50l0o241.53 FITp08303r2008-04-15v171.50w2005-05-24yBK c5657d5657